| 000 | 00675 a2200205 4500 | ||
|---|---|---|---|
| 003 | OSt | ||
| 005 | 20130920130200.0 | ||
| 008 | 130909b xxu||||| |||| 00| 0 eng d | ||
| 020 | _a9781844255177 | ||
| 040 | _c0 | ||
| 050 |
_aTK7887 _b.M37 2004 |
||
| 100 | _aMacRae, Kyle | ||
| 245 |
_aComputer troubleshooting : _bthe complete step-by-step guide to diagnosing and fixing common PC problems / _cKyle MacRae; Gary Marshall |
||
| 250 | _a2nd ed. | ||
| 260 |
_bHaynes _aSparkford _c©2004 |
||
| 300 |
_a170p. : _b ill. (chiefly col.) ; _c28 cm. |
||
| 500 | _aIncludes index. | ||
| 650 | _aMicrocomputers -- Maintenance and repair -- Amateurs' manuals. | ||
| 942 |
_cBK _2lcc |
||
| 999 |
_c42102 _d42102 |
||